Barry (HBO MAX) Show - Statistics

General Stats
  • This quiz has been taken 30 times
  • The average score is 5 of 15
Answer Stats
Hint Answer % Correct
Barry's stage name Barry Block
92%
Barry's son John
58%
Gene's Girlfriend Janice Moss
54%
Fuches' nickname Raven
46%
Place where Hank and Goran are from Chechnya
42%
Burmese crime family leader that Hank hates Esther
42%
Barry's former marine friend, whose life he saved Albert
33%
Crazy demon girl Lily
33%
Sally's ex husband Sam
29%
Chris's crazy and erratic ex marine friend Taylor
29%
The Bolivian Barry is told to kill in season 1 Paco
25%
What can I say man im a gearhead I love ___? gak
21%
Type of sandwich that Noho Hank offers guests Submarine Sandwich
13%
Hank's lovable henchmen that constantly has his arm in a sling Akhmal
4%
Name of movie that Barry's son watches about his dad in the finale The Mask Collecter
4%
No matching quizzes found
Score Distribution
Percent of People with Each Score
Percentile by Number Answered
Your Score History
You have not taken this quiz